| 000 | 00849nam a2200277Ia 4500 | ||
|---|---|---|---|
| 001 | Para_6304 | ||
| 003 | CHAP | ||
| 008 | 220125s1986 xx 000 0 und d | ||
| 010 | _a205035 | ||
| 040 | _cCHAP | ||
| 090 | _aPA FOLLETO 395 | ||
| 111 |
_aPresentación de trabajos de investigación agrícola en el campo experimental (3:1986:Chapingo, Méx.) _9170976 |
||
| 245 |
_aResúmenes / _c por UACh. Campo Experimental |
||
| 260 |
_aChapingo, Méx. : _b El Departamento |
||
| 300 | _a39 p. | ||
| 650 |
_aAgricultura _x experimentación _91476 |
||
| 650 |
_aAgricultura _x investigación _91577 |
||
| 710 |
_aUACh. Campo Experimental _9115824 |
||
| 901 | _aPA FOLLETO 395 | ||
| 902 | _aA | ||
| 905 | _a0000001986 0000000000 00 | ||
| 910 | _a1986 | ||
| 942 | _cPARA | ||
| 942 |
_cPARA _d1 |
||
| 999 |
_c205035 _d205035 |
||